Posúdenie spotrebiteľského správania z hľadiska zodpovednej a udržateľnej spotreby bakalárska práca

Na minha lista:
Detalhes bibliográficos
Autor principal: Hrinková, Svetlana
Autor Corporativo: Fakulta podnikového manažmentu EU. Katedra podnikovohospodárska
Outros Autores: Kissová, Jana, 1979-
Formato: Livro
Idioma:eslovaco
Publicado em: Bratislava 2022
Tags: Adicionar Tag
Sem tags, seja o primeiro a adicionar uma tag!

MARC

LEADER 00000nbm a2200000 4500
001 0285404
005 20230215115828.1
041 0 |a slo 
044 |a SK 
245 1 0 |a Posúdenie spotrebiteľského správania z hľadiska zodpovednej a udržateľnej spotreby  |b bakalárska práca  |c Svetlana Hrinková ; školiteľ: Jana Kissová 
264 1 |a Bratislava  |c 2022 
300 |a 49 s. 
100 1 |a Hrinková, Svetlana 
700 1 |a Kissová, Jana, 1979- 
710 2 |a Fakulta podnikového manažmentu EU. Katedra podnikovohospodárska